La música: como proceso histórico de su invención

Kaydedildi:
Detaylı Bibliyografya
Yazar: Salazar, Adolfo (Yazar)
Materyal Türü: Kitap
Dil:İspanyolca
Baskı/Yayın Bilgisi: Ciudad de México Fondo de Cultura Económica 1953
Edisyon:2a. ed
Seri Bilgileri:Breviarios del Fondo de Cultura Económica, 26
Konular:
Etiketler: Etiketle
Etiket eklenmemiş, İlk siz ekleyin!

MARC

LEADER 00000nam a2200000 a 4500
001 UCI4649
003 CL-VaPUC
008 080125e19530000MX |||||||||||||||||spa|d
082 0 4 |a 780.9  |b SAL  |2 21 
100 0 |a Salazar, Adolfo  |e author  |9 526643 
245 1 3 |a La música: como proceso histórico de su invención 
250 |a 2a. ed 
300 |a 326 p 
942 |c BK 
945 |d 20080125 00:00:00  |a cmena 
260 |a Ciudad de México  |b Fondo de Cultura Económica  |c 1953 
500 |a Donación Padres Capuchinos 
650 0 |a Música  |9 306269 
650 0 |a Historia de la música  |9 306741 
650 0 |a Crítica e interpretación   |9 255042 
650 0 |a Estética   |9 264950 
583 |a last modification  |c 20080125 00:00:00  |k Rodrigo Vera 
490 0 |a Breviarios del Fondo de Cultura Económica, 26 
999 |c 328549  |d 328547 
952 |0 0  |1 0  |4 0  |6 780_900000000000000_SAL_1953  |7 0  |8 X  |9 412488  |a FDOBUD  |b FDOBUD  |d 2019-11-22  |i 4408268  |o 780.9 SAL 1953  |p 4408268  |r 2019-11-22  |w 2019-11-22  |y BK_X  |k BUD